[Event "Ïåðâåíñòâî Ìîñêâû ïî øàõìàòàì"]
[Site "Ìîñêâà, ÌÃÈÌÎ ïð. Âåðíàäñêîãî,"]
[Date "2018.11.19"]
[Round "3.6"]
[White "Sarkisyan, Ñàðêèñ."]
[Black "Sepiashvili, Ivan"]
[Result "0-1"]
[WhiteElo "1327"]
[BlackElo "1636"]
[PlyCount "76"]
[EventDate "2018.11.18"]

1. e4 e5 2. Bc4 Nf6 3. d3 Nc6 4. Nf3 d6 5. c3 Be7 6. h3 a6 7. Bb3 O-O 8. O-O
Re8 9. Nbd2 h6 10. Re1 Bf8 11. Nf1 Ne7 12. Ng3 Ng6 13. Nf5 d5 14. Ng3 c6 15. d4
dxe4 16. Nxe4 Nxe4 17. Rxe4 Bf5 18. Re1 Bd6 19. dxe5 Nxe5 20. Nxe5 Bxe5 21. Be3
Qc7 22. Qf3 Be4 23. Qg4 Rad8 24. Bxh6 Bd5 25. Bxd5 cxd5 26. Bg5 Rd6 27. f4 Rg6
28. fxe5 Rxe5 29. Rxe5 Qxe5 30. Bf4 Qe4 31. Qc8+ Kh7 32. g4 Qxf4 33. Kg2 Qe4+
34. Kg1 Qe3+ 35. Kg2 Rf6 36. Qc7 Rf2+ 37. Kh1 Qxh3+ 38. Kg1 Qg2# 0-1

[Event "Ïåðâåíñòâî Ìîñêâû ïî øàõìàòàì"]
[Site "Ìîñêâà, ÌÃÈÌÎ ïð. Âåðíàäñêîãî,"]
[Date "2018.11.19"]
[Round "3.7"]
[White "Razbadinov, Rasul"]
[Black "Osipenko, Ivan"]
[Result "0-1"]
[WhiteElo "1529"]
[BlackElo "1638"]
[PlyCount "78"]
[EventDate "2018.11.18"]

1. d4 Nf6 2. Bg5 g6 3. Bxf6 exf6 4. e3 Bg7 5. g3 O-O 6. Bg2 c6 7. c4 d6 8. Nc3
f5 9. Nge2 Re8 10. O-O Nd7 11. Qc2 Nf6 12. Nf4 g5 13. Nfe2 h5 14. Rab1 Bd7 15.
b4 Qc8 16. Rfc1 Bh6 17. Rb2 Kh8 18. a4 f4 19. gxf4 gxf4 20. Nxf4 Bxf4 21. exf4
Rg8 22. Kh1 Bh3 23. Bf3 Bg4 24. Be2 Qe6 25. f3 Bh3 26. Bf1 Bxf1 27. Rxf1 Qxc4
28. Rd1 Qe6 29. Qd3 Rae8 30. Re2 Qh3 31. Rf2 Rg3 32. Ne2 Ng4 33. Rdf1 Re3 34.
Qc4 Rexf3 35. Nxg3 Nxf2+ 36. Kg1 Rxg3+ 37. Kxf2 Rg2+ 38. Ke1 Qe3+ 39. Kd1 Qd2#
0-1

[Event "Ïåðâåíñòâî Ìîñêâû ïî øàõìàòàì"]
[Site "Ìîñêâà, ÌÃÈÌÎ ïð. Âåðíàäñêîãî,"]
[Date "2018.11.19"]
[Round "3.8"]
[White "Samarov, Vladimir"]
[Black "Shadyev, Damir"]
[Result "1/2-1/2"]
[WhiteElo "1272"]
[BlackElo "1250"]
[PlyCount "95"]
[EventDate "2018.11.18"]

1. d4 Nf6 2. Nf3 g6 3. g3 Bg7 4. Bg2 d6 5. O-O O-O 6. Re1 Nbd7 7. c4 e5 8. e3
Nh5 9. Nc3 f5 10. b3 f4 11. exf4 exf4 12. Bb2 fxg3 13. hxg3 Ndf6 14. Qd2 Ng4
15. Ne4 Bh6 16. Qa5 Bf5 17. Qd5+ Kh8 18. Qxb7 Bg7 19. Re2 Re8 20. Rae1 Nhf6 21.
Neg5 Qd7 22. Re7 Rxe7 23. Qxa8+ Re8 24. Rxe8+ Qxe8 25. Qxe8+ Nxe8 26. Nd2 c5
27. Bd5 h6 28. Ne6 Bf6 29. Ne4 Bxe4 30. Bxe4 Ng7 31. Nxg7 Kxg7 32. Bf3 h5 33.
Bxg4 hxg4 34. dxc5 dxc5 35. Bxf6+ Kxf6 36. Kf1 Ke5 37. Ke2 Ke4 38. f3+ gxf3+
39. Kf2 g5 40. g4 Kf4 41. b4 Kxg4 42. bxc5 Kf5 43. Kxf3 Ke6 44. Kg4 Kd7 45.
Kxg5 Kc6 46. Kf4 Kxc5 47. Ke3 Kxc4 48. Kd2 1/2-1/2

[Event "Ïåðâåíñòâî Ìîñêâû ïî øàõìàòàì"]
[Site "Ìîñêâà, ÌÃÈÌÎ ïð. Âåðíàäñêîãî,"]
[Date "2018.11.19"]
[Round "3.9"]
[White "Zatsepin, Egor"]
[Black "Krivenko, Dmitryi"]
[Result "0-1"]
[WhiteElo "1191"]
[BlackElo "1887"]
[PlyCount "46"]
[EventDate "2018.11.18"]

1. d4 Nf6 2. c4 c5 3. Nf3 cxd4 4. Nxd4 e5 5. Nf3 Nc6 6. Nc3 Bb4 7. a3 Bxc3+ 8.
bxc3 Qa5 9. Bd2 e4 10. Nd4 e3 11. Bxe3 Qxc3+ 12. Bd2 Qxd4 13. e3 Qh4 14. Be2
O-O 15. O-O d5 16. cxd5 Nxd5 17. Bf3 Nf6 18. Rb1 Ng4 19. h3 Nge5 20. Be2 Rd8
21. Qc2 Qg5 22. Kh1 Bf5 23. Qa2 Bxb1 0-1

[Event "Ïåðâåíñòâî Ìîñêâû ïî øàõìàòàì"]
[Site "Ìîñêâà, ÌÃÈÌÎ ïð. Âåðíàäñêîãî,"]
[Date "2018.11.19"]
[Round "3.10"]
[White "Asatryan, Leon"]
[Black "Kishiev, Famil"]
[Result "0-1"]
[WhiteElo "1618"]
[BlackElo "1313"]
[PlyCount "54"]
[EventDate "2018.11.18"]

1. d4 d5 2. Nf3 Nf6 3. g3 Bf5 4. c4 e6 5. Nc3 Nc6 6. Bg2 Bb4 7. O-O Bxc3 8.
bxc3 O-O 9. Qb3 Na5 10. Qb4 Nxc4 11. Qxb7 Ne4 12. Nh4 Nxc3 13. Nxf5 exf5 14.
Re1 Re8 15. Bf3 Nb6 16. Bf4 Rc8 17. Qc6 Ne4 18. Rec1 Nc4 19. Rab1 Re6 20. Qb7
a5 21. Rb5 Rb6 22. Qxd5 Rxb5 23. Qxb5 Ncd2 24. Qxf5 g6 25. Qxa5 Qxd4 26. Be3
Qb2 27. Rxc7 Qa1+ 0-1

[Event "Ïåðâåíñòâî Ìîñêâû ïî øàõìàòàì"]
[Site "Ìîñêâà, ÌÃÈÌÎ ïð. Âåðíàäñêîãî,"]
[Date "2018.11.19"]
[Round "3.11"]
[White "Sokolov, Egor"]
[Black "Yakushkov, Pavel"]
[Result "1-0"]
[WhiteElo "1429"]
[BlackElo "1656"]
[PlyCount "65"]
[EventDate "2018.11.18"]

1. e4 d5 2. exd5 Qxd5 3. Nc3 Qd6 4. Bc4 Nf6 5. d3 a6 6. a4 Nc6 7. Nf3 e6 8. O-O
Be7 9. h3 O-O 10. Be3 b6 11. Nd2 Bb7 12. Nde4 Qd8 13. Qe2 Ne5 14. Bb3 Ng6 15.
Rad1 Nd5 16. Nxd5 exd5 17. Ng3 d4 18. Bd2 Qd7 19. Ne4 Qc6 20. f3 Rae8 21. Qf2
Bh4 22. Qxd4 Kh8 23. Bc3 f6 24. Kh1 Rd8 25. Qe3 f5 26. Nf2 Rfe8 27. Qd2 Bg3 28.
Qg5 f4 29. Ng4 Bh4 30. Qh5 Qd6 31. Bf7 Re7 32. Bxg6 Qxg6 33. Qxh4 1-0

[Event "Ïåðâåíñòâî Ìîñêâû ïî øàõìàòàì"]
[Site "Ìîñêâà, ÌÃÈÌÎ ïð. Âåðíàäñêîãî,"]
[Date "2018.11.19"]
[Round "3.12"]
[White "Safinov, Artyom"]
[Black "Grunin, Denis"]
[Result "1/2-1/2"]
[WhiteElo "1452"]
[BlackElo "1415"]
[PlyCount "98"]
[EventDate "2018.11.18"]

1. d4 d5 2. c4 c6 3. Nc3 Nf6 4. cxd5 cxd5 5. Bf4 a6 6. Nf3 Nc6 7. e3 Bg4 8. Be2
e6 9. O-O Bd6 10. Bxd6 Qxd6 11. h3 Bf5 12. Rc1 O-O 13. Na4 Rac8 14. Nc5 Rc7 15.
Bd3 Bxd3 16. Qxd3 Rfc8 17. Rc3 Nb4 18. Qb1 b6 19. Na4 Ne4 20. Rxc7 Rxc7 21. a3
Nc6 22. b4 Na7 23. Rc1 Nb5 24. Qb2 f6 25. Ne1 h5 26. Rxc7 Qxc7 27. Qc2 Nec3 28.
Nxc3 Qxc3 29. Qxc3 Nxc3 30. Nc2 Kf7 31. Kf1 Ke7 32. Ke1 Kd6 33. f3 Kc6 34. Kd2
Na4 35. Ne1 Kb5 36. Kc2 a5 37. Kb3 e5 38. h4 exd4 39. exd4 axb4 40. axb4 Nb2
41. Kxb2 Kxb4 42. f4 Kc4 43. Nc2 g6 44. f5 gxf5 45. Ne3+ Kxd4 46. Nxf5+ Ke5 47.
Ng3 f5 48. Nxh5 f4 49. Kc3 b5 1/2-1/2

[Event "Ïåðâåíñòâî Ìîñêâû ïî øàõìàòàì"]
[Site "Ìîñêâà, ÌÃÈÌÎ ïð. Âåðíàäñêîãî,"]
[Date "2018.11.19"]
[Round "3.13"]
[White "Kolobov, Dmitryi"]
[Black "Urivskyi, Arsenyi"]
[Result "1/2-1/2"]
[WhiteElo "1484"]
[BlackElo "1234"]
[PlyCount "81"]
[EventDate "2018.11.18"]

1. Nf3 d5 2. c4 e6 3. d4 Nf6 4. Nc3 Be7 5. Bg5 c6 6. e3 Nbd7 7. cxd5 exd5 8.
Bd3 O-O 9. O-O Re8 10. Qc2 Nf8 11. a3 Ng6 12. b4 Bg4 13. Nh4 Bh5 14. Nxg6 Bxg6
15. Bxg6 hxg6 16. Rfb1 a6 17. a4 Qd7 18. Qd3 b5 19. h3 Kh8 20. Bf4 Bd6 21. Bxd6
Qxd6 22. Ra2 Nd7 23. a5 f5 24. Re2 Nf6 25. Ree1 Ne4 26. Nxe4 fxe4 27. Qe2 Re6
28. Qg4 Rf8 29. Rb2 Rf5 30. Qh4+ Kg8 31. Rf1 Ref6 32. Qg4 Qf8 33. Qg3 Qd8 34.
Qh4 Qd6 35. Qg4 Qf8 36. Qg3 Qd8 37. Qh4 Qf8 38. Qg3 Qd8 39. Qh4 Qd6 40. Qg4 Qf8
41. Qg3 1/2-1/2

[Event "Ïåðâåíñòâî Ìîñêâû ïî øàõìàòàì"]
[Site "Ìîñêâà, ÌÃÈÌÎ ïð. Âåðíàäñêîãî,"]
[Date "2018.11.19"]
[Round "3.14"]
[White "Kondrashev, Kirill"]
[Black "Avetisyan, David"]
[Result "0-1"]
[WhiteElo "1523"]
[BlackElo "1254"]
[PlyCount "66"]
[EventDate "2018.11.18"]

1. e4 e6 2. d4 d5 3. Nd2 dxe4 4. Nxe4 Bd7 5. Be3 Bc6 6. Nc3 Nf6 7. Nf3 Nbd7 8.
Be2 a6 9. h3 Be7 10. O-O Ne4 11. Nxe4 Bxe4 12. Nd2 Bf5 13. Bf3 c6 14. Ne4 O-O
15. Ng3 Bg6 16. c4 Nf6 17. Qb3 Qc7 18. Rac1 Qd7 19. Rfd1 Rfd8 20. Bf4 h6 21.
Qb6 Rac8 22. Be5 Ne8 23. d5 cxd5 24. cxd5 Rxc1 25. Rxc1 exd5 26. Rd1 Qc6 27.
Qb3 Bc2 28. Qe3 Bxd1 29. Bxd1 d4 30. Bxd4 Qd7 31. Ne2 Bf6 32. Ba4 Qxa4 33. Bxf6
Nxf6 0-1

[Event "Ïåðâåíñòâî Ìîñêâû ïî øàõìàòàì"]
[Site "Ìîñêâà, ÌÃÈÌÎ ïð. Âåðíàäñêîãî,"]
[Date "2018.11.19"]
[Round "3.15"]
[White "Voronin, Nikita"]
[Black "Azimov, Timur"]
[Result "1-0"]
[WhiteElo "1358"]
[BlackElo "1408"]
[PlyCount "69"]
[EventDate "2018.11.18"]

1. d4 Nf6 2. Nf3 g6 3. c4 Bg7 4. g3 O-O 5. Bg2 d6 6. O-O Nc6 7. Nc3 Rb8 8. e4
Bd7 9. h3 h6 10. Be3 a6 11. Qd2 Kh7 12. Qe2 e5 13. d5 Ne7 14. c5 Nh5 15. Nd2 f5
16. cxd6 cxd6 17. exf5 Nxf5 18. Nde4 Nxe3 19. Qxe3 Bf5 20. a4 Nf6 21. a5 Bxe4
22. Bxe4 Nxe4 23. Nxe4 Qd7 24. Kg2 Rbd8 25. Rfc1 Qb5 26. b3 Qxd5 27. Rc7 Rf7
28. Rac1 Rdf8 29. R1c2 Rf3 30. Qe1 Rxb3 31. Rd7 Qd3 32. Rcc7 Qf3+ 33. Kg1 Rg8
34. Rf7 Re3 35. Qxe3 1-0

[Event "Ïåðâåíñòâî Ìîñêâû ïî øàõìàòàì"]
[Site "Ìîñêâà, ÌÃÈÌÎ ïð. Âåðíàäñêîãî,"]
[Date "2018.11.19"]
[Round "3.17"]
[White "Korolev, Nikolay"]
[Black "Isaykin, Valeryi"]
[Result "1/2-1/2"]
[WhiteElo "1639"]
[BlackElo "1417"]
[PlyCount "84"]
[EventDate "2018.11.18"]

1. e4 e6 2. d4 d5 3. Nc3 Nf6 4. Bg5 Be7 5. e5 Nfd7 6. h4 a6 7. Qg4 Bxg5 8. hxg5
g6 9. Nf3 c5 10. Bd3 Qe7 11. Qf4 Nc6 12. O-O-O cxd4 13. Nxd4 Ndxe5 14. Nxc6
Nxd3+ 15. Rxd3 bxc6 16. Qe5 Rf8 17. Rxh7 Bb7 18. Rdh3 O-O-O 19. Na4 Qc7 20.
Qxc7+ Kxc7 21. Rf3 Rd7 22. Nc5 Re7 23. Rg7 Kd6 24. Nxb7+ Rxb7 25. Rxg6 fxg6 26.
Rxf8 Rg7 27. Kd2 e5 28. Ke2 Kc5 29. Ra8 Kb5 30. Re8 e4 31. Re6 a5 32. f3 exf3+
33. gxf3 c5 34. Re5 Rd7 35. Re6 Rg7 36. c3 a4 37. Rd6 Kc4 38. b3+ axb3 39.
axb3+ Kxb3 40. Rxd5 Kxc3 41. Rxc5+ Kd4 42. Rc6 Ke5 1/2-1/2

[Event "Ïåðâåíñòâî Ìîñêâû ïî øàõìàòàì"]
[Site "Ìîñêâà, ÌÃÈÌÎ ïð. Âåðíàäñêîãî,"]
[Date "2018.11.19"]
[Round "3.18"]
[White "Dneprov, Andrey"]
[Black "Tarasov, Lev"]
[Result "0-1"]
[WhiteElo "1344"]
[BlackElo "1323"]
[PlyCount "82"]
[EventDate "2018.11.18"]

1. c4 Nf6 2. d4 g6 3. Nc3 Bg7 4. e4 d6 5. f3 O-O 6. Be3 Nbd7 7. Qd2 e5 8. d5 a5
9. Bd3 Nc5 10. Nge2 Nxd3+ 11. Qxd3 Nd7 12. Na4 Qe7 13. Nec3 b6 14. Nb5 Nc5 15.
Nxc5 bxc5 16. a4 f5 17. h3 fxe4 18. fxe4 Ba6 19. Kd2 Bxb5 20. axb5 Qh4 21. Rhf1
Bh6 22. Bxh6 Qxh6+ 23. Qe3 Qh4 24. g4 Rf4 25. Ke2 Raf8 26. b3 h5 27. Rxf4 exf4
28. Qf3 Qf6 29. Ra2 h4 30. Ke1 Qd4 31. Kf1 Re8 32. Re2 g5 33. Kg2 Qa1 34. Kf2
a4 35. bxa4 Qd4+ 36. Kg2 Qxc4 37. e5 dxe5 38. Re4 Qxd5 39. Kf2 Qd2+ 40. Re2
Qd4+ 41. Kg2 e4 0-1

[Event "Ïåðâåíñòâî Ìîñêâû ïî øàõìàòàì"]
[Site "Ìîñêâà, ÌÃÈÌÎ ïð. Âåðíàäñêîãî,"]
[Date "2018.11.19"]
[Round "3.19"]
[White "Tetyuev, Stepan"]
[Black "Urusov, German"]
[Result "1/2-1/2"]
[WhiteElo "1431"]
[BlackElo "1331"]
[PlyCount "81"]
[EventDate "2018.11.18"]

1. e4 c5 2. d4 cxd4 3. c3 Nf6 4. e5 Nd5 5. Qxd4 e6 6. Nf3 Nc6 7. Qe4 d6 8. Bd3
Be7 9. O-O Bd7 10. Nbd2 Qc7 11. Nc4 dxe5 12. Ncxe5 Nf6 13. Qe2 Nxe5 14. Nxe5
Bd6 15. Bf4 Nd5 16. Bg3 O-O 17. Rad1 f5 18. Nxd7 Qxd7 19. Bb5 Qe7 20. Bh4 Qf7
21. c4 Nf4 22. Qe3 Bb8 23. Rd7 Qh5 24. Bg3 Ne2+ 25. Kh1 f4 26. Qxe6+ Kh8 27.
Rd5 g5 28. Be8 Qxe8 29. Qxe8 Rxe8 30. Rxg5 fxg3 31. fxg3 Bc7 32. Rf7 Nf4 33. h3
Re1+ 34. Kh2 Ne6 35. Rb5 b6 36. Rh5 Bd6 37. Rfxh7+ Kg8 38. Rh8+ Kg7 39. Rxa8
Re3 40. Rf5 Bxg3+ 41. Kg1 1/2-1/2

[Event "Ïåðâåíñòâî Ìîñêâû ïî øàõìàòàì"]
[Site "Ìîñêâà, ÌÃÈÌÎ ïð. Âåðíàäñêîãî,"]
[Date "2018.11.19"]
[Round "3.21"]
[White "Belyaev, Fedor"]
[Black "Yusupov, Il'ya"]
[Result "0-1"]
[WhiteElo "1332"]
[BlackElo "1461"]
[PlyCount "66"]
[EventDate "2018.11.18"]

1. d4 d5 2. c4 e6 3. Nc3 c6 4. cxd5 exd5 5. Nf3 Bf5 6. a3 Na6 7. Bf4 Nf6 8. Bg5
Be7 9. e3 Nc7 10. Bd3 Bxd3 11. Qxd3 Ne6 12. Bh4 g6 13. O-O Ng7 14. Bg3 O-O 15.
h3 Nf5 16. Bh2 Re8 17. Rac1 Bd6 18. Be5 Qe7 19. Qc2 Nd7 20. Bxd6 Qxd6 21. Qb3
a6 22. Na4 b5 23. Nc5 Nxc5 24. Rxc5 f6 25. Ne1 Ra7 26. Nd3 a5 27. Rfc1 Ra6 28.
R1c2 Kh8 29. Nf4 Nxd4 30. exd4 Re1+ 31. Kh2 Qxf4+ 32. g3 Qe4 33. f3 Qxd4 0-1

[Event "Ïåðâåíñòâî Ìîñêâû ïî øàõìàòàì"]
[Site "Ìîñêâà, ÌÃÈÌÎ ïð. Âåðíàäñêîãî,"]
[Date "2018.11.19"]
[Round "3.22"]
[White "Mishin, Matvey"]
[Black "Novikov, Fedor"]
[Result "1-0"]
[WhiteElo "1319"]
[BlackElo "1432"]
[PlyCount "55"]
[EventDate "2018.11.18"]

1. e4 e5 2. Nf3 d6 3. h3 Nf6 4. Nc3 Be7 5. d4 exd4 6. Nxd4 O-O 7. Bc4 c6 8. O-O
Nxe4 9. Nxe4 d5 10. Bd3 dxe4 11. Bxe4 f5 12. Bf3 Bf6 13. Nb3 Qc7 14. g3 Be6 15.
Be3 g6 16. Re1 Re8 17. Bd4 Bxd4 18. Nxd4 Bf7 19. Rxe8+ Bxe8 20. Qd2 Bf7 21. Re1
Nd7 22. Ne6 Bxe6 23. Rxe6 Kf7 24. Rd6 Ne5 25. Be2 Qb6 26. Qg5 Kg8 27. Qe7 Qc5
28. Rxg6+ 1-0

[Event "Ïåðâåíñòâî Ìîñêâû ïî øàõìàòàì"]
[Site "Ìîñêâà, ÌÃÈÌÎ ïð. Âåðíàäñêîãî,"]
[Date "2018.11.19"]
[Round "3.23"]
[White "Kropachev, Mikhail"]
[Black "Panichkin, Alexei"]
[Result "1-0"]
[WhiteElo "1332"]
[BlackElo "1233"]
[PlyCount "89"]
[EventDate "2018.11.18"]

1. e4 c5 2. Nf3 d6 3. d4 cxd4 4. Nxd4 Nf6 5. Nc3 a6 6. Be3 e6 7. Be2 Be7 8. O-O
O-O 9. Qd2 b5 10. a3 Bb7 11. f3 Nbd7 12. Rad1 Ne5 13. Bd3 Nc4 14. Bxc4 bxc4 15.
Na2 Qc7 16. Nc3 d5 17. exd5 exd5 18. Nf5 Rfe8 19. Nxe7+ Rxe7 20. Bg5 Rd8 21.
Qd4 Qe5 22. Qxe5 Rxe5 23. Bxf6 gxf6 24. Rd4 Kf8 25. Rfd1 Bc6 26. Rxc4 dxc4 27.
Rxd8+ Ke7 28. Rd4 Re1+ 29. Kf2 Rc1 30. Rd2 Bd7 31. Nd5+ Ke6 32. Nc7+ Ke7 33.
Nxa6 Bf5 34. c3 Bd3 35. Nb4 Bg6 36. Ke3 Bf5 37. Kd4 Be6 38. Kc5 Re1 39. Nc6+
Kf8 40. a4 Ra1 41. a5 Kg7 42. Kb5 Kg6 43. a6 Kg7 44. a7 Bc8 45. Kb6 1-0

[Event "Ïåðâåíñòâî Ìîñêâû ïî øàõìàòàì"]
[Site "Ìîñêâà, ÌÃÈÌÎ ïð. Âåðíàäñêîãî,"]
[Date "2018.11.20"]
[Round "4.1"]
[White "Kalashnikov, Mikhail"]
[Black "Kolesov, Gordey"]
[Result "0-1"]
[WhiteElo "1252"]
[BlackElo "1823"]
[PlyCount "52"]
[EventDate "2018.11.18"]

1. e4 e5 2. Nf3 Nc6 3. Bc4 Bc5 4. c3 Nf6 5. d3 a6 6. Bb3 Ba7 7. Nbd2 O-O 8. h3
h6 9. Nf1 d5 10. Qe2 d4 11. c4 Nd7 12. g4 Nc5 13. Rg1 f6 14. h4 Be6 15. g5 Nb4
16. Bc2 Bxc4 17. Qd2 Nbxd3+ 18. Bxd3 Nxd3+ 19. Kd1 Nf4 20. Ng3 Qd7 21. gxh6 Qg4
22. hxg7 Qxf3+ 23. Ke1 Rf7 24. Qc2 Nd3+ 25. Kf1 Nxf2+ 26. Qxc4 Nd3# 0-1

[Event "Ïåðâåíñòâî Ìîñêâû ïî øàõìàòàì"]
[Site "Ìîñêâà, ÌÃÈÌÎ ïð. Âåðíàäñêîãî,"]
[Date "2018.11.20"]
[Round "4.2"]
[White "Sepiashvili, Ivan"]
[Black "Israfilov, Ali"]
[Result "0-1"]
[WhiteElo "1636"]
[BlackElo "1904"]
[PlyCount "90"]
[EventDate "2018.11.18"]

1. e4 e5 2. Nf3 Nc6 3. Bb5 g6 4. d3 Bg7 5. c3 d6 6. Nbd2 Nge7 7. O-O O-O 8. Re1
Kh8 9. Nf1 f5 10. Ba4 h6 11. Bb3 f4 12. d4 Bg4 13. d5 Nb8 14. c4 g5 15. N1d2
Bh5 16. Kf1 Qe8 17. Qc2 g4 18. Ng1 g3 19. hxg3 fxg3 20. f3 Qd7 21. a3 Na6 22.
Ba2 c5 23. Rb1 Rf7 24. b4 b6 25. b5 Nc7 26. Ke2 Ng6 27. Nf1 Nf4+ 28. Bxf4 exf4
29. Kd3 Qe7 30. Nd2 Qe5 31. Ne2 Rff8 32. Rb3 Bg6 33. Qb1 Rac8 34. Rh1 Nxd5 35.
cxd5 c4+ 36. Kc2 cxb3+ 37. Kxb3 Rc5 38. a4 Rfc8 39. Kb4 Rc2 40. Nc4 R8xc4+ 41.
Bxc4 Rb2+ 42. Bb3 Rxb1 43. Rxb1 Bxe4 44. fxe4 Qxe4+ 45. Bc4 Qxb1+ 0-1

[Event "Ïåðâåíñòâî Ìîñêâû ïî øàõìàòàì"]
[Site "Ìîñêâà, ÌÃÈÌÎ ïð. Âåðíàäñêîãî,"]
[Date "2018.11.20"]
[Round "4.3"]
[White "Godzhurov, Lidzhi"]
[Black "Pugach, Gleb"]
[Result "1/2-1/2"]
[WhiteElo "1790"]
[BlackElo "1548"]
[PlyCount "146"]
[EventDate "2018.11.18"]

1. d4 Nf6 2. Nf3 c5 3. d5 b5 4. c4 bxc4 5. Nc3 g6 6. e4 d6 7. Bxc4 Bg7 8. h3
O-O 9. O-O Nbd7 10. Bf4 Nb6 11. Be2 Bd7 12. Nd2 Rb8 13. Qc2 Qc7 14. b3 a5 15.
a4 Qb7 16. Rab1 Ne8 17. Nc4 Qa8 18. Qd2 Nc7 19. Bg5 f6 20. Bh6 f5 21. Bxg7 Kxg7
22. Qg5 Rf7 23. Bd3 Nxc4 24. bxc4 fxe4 25. Bxe4 Rb4 26. Rxb4 axb4 27. Nb5 Ne8
28. Bc2 Nf6 29. Re1 Qa5 30. Re3 Bxb5 31. axb5 Qa1+ 32. Kh2 Qa2 33. Bb3 Qxf2 34.
b6 h6 35. Qg3 Qxg3+ 36. Kxg3 Nd7 37. b7 Kf8 38. Re1 Nb8 39. Ra1 Kg7 40. Ra8 Rf8
41. Bd1 h5 42. Kh4 Kh6 43. g4 g5+ 44. Kg3 h4+ 45. Kg2 Kg7 46. Bc2 Nd7 47. Bf5
Rb8 48. Bxd7 Rxb7 49. Bf5 b3 50. Ra1 b2 51. Rb1 Kf6 52. Kf2 Rb3 53. Bc2 Rxh3
54. Rxb2 Rh2+ 55. Kg1 Rd2 56. Ra2 Ke5 57. Bb3 Rxa2 58. Bxa2 Kf4 59. Bb3 Kxg4
60. Ba4 Kg3 61. Bd7 g4 62. Bf5 h3 63. Kh1 Kf3 64. Kg1 Kg3 65. Kh1 Kf3 66. Kg1
Kg3 67. Bc8 Kf3 68. Bf5 Kf4 69. Be6 Kg3 70. Bf5 Kf4 71. Bc8 Kf3 72. Bd7 Kg3 73.
Bc8 Kf3 1/2-1/2

[Event "Ïåðâåíñòâî Ìîñêâû ïî øàõìàòàì"]
[Site "Ìîñêâà, ÌÃÈÌÎ ïð. Âåðíàäñêîãî,"]
[Date "2018.11.20"]
[Round "4.4"]
[White "Anisimov, Yuri"]
[Black "Amirdzhanyan, Vladimir"]
[Result "0-1"]
[WhiteElo "1607"]
[BlackElo "1601"]
[PlyCount "44"]
[EventDate "2018.11.18"]

1. d4 d6 2. c4 e5 3. d5 f5 4. Nc3 Nf6 5. Bg5 Be7 6. Qc2 Nxd5 7. cxd5 Bxg5 8. h4
Bh6 9. g3 O-O 10. Bg2 Nd7 11. Nf3 Nc5 12. b4 Na6 13. a3 c5 14. dxc6 bxc6 15.
O-O Nc7 16. Rad1 Qe7 17. b5 cxb5 18. Nxe5 dxe5 19. Bxa8 Nxa8 20. Nxb5 f4 21.
Kg2 Qb7+ 22. f3 Qxb5 0-1

[Event "Ïåðâåíñòâî Ìîñêâû ïî øàõìàòàì"]
[Site "Ìîñêâà, ÌÃÈÌÎ ïð. Âåðíàäñêîãî,"]
[Date "2018.11.20"]
[Round "4.5"]
[White "Osipenko, Ivan"]
[Black "Korolev, Kirill O"]
[Result "1/2-1/2"]
[WhiteElo "1638"]
[BlackElo "1505"]
[PlyCount "93"]
[EventDate "2018.11.18"]

1. d4 Nf6 2. Nf3 e6 3. e3 b6 4. Bd3 Bb7 5. O-O Be7 6. c4 O-O 7. Nc3 c5 8. d5 d6
9. e4 exd5 10. exd5 Na6 11. Re1 Re8 12. Nd2 Nb4 13. Bb1 Bf8 14. a3 Na6 15. Nde4
Nxe4 16. Bxe4 g6 17. Bf4 Nc7 18. Qf3 Ba6 19. Bd3 f5 20. Qg3 Qd7 21. h4 Rxe1+
22. Rxe1 Re8 23. Rxe8 Nxe8 24. Qe3 Ng7 25. Bg5 Kf7 26. b3 Bb7 27. Ne2 Nh5 28.
Nf4 Nxf4 29. Qxf4 h5 30. Bh6 Be7 31. g4 hxg4 32. h5 Bc8 33. Bg5 gxh5 34. Bxe7
Qxe7 35. Bxf5 Qf6 36. Be6+ Bxe6 37. dxe6+ Kxe6 38. Qe4+ Qe5 39. Qg6+ Qf6 40.
Qxh5 Qa1+ 41. Kg2 Qxa3 42. Qxg4+ Ke7 43. Qe4+ Kd7 44. Qf5+ Ke7 45. Qg5+ Kd7 46.
Qg7+ Ke6 47. Qg6+ 1/2-1/2

[Event "Ïåðâåíñòâî Ìîñêâû ïî øàõìàòàì"]
[Site "Ìîñêâà, ÌÃÈÌÎ ïð. Âåðíàäñêîãî,"]
[Date "2018.11.20"]
[Round "4.6"]
[White "Krivenko, Dmitry"]
[Black "Avetisyan, David"]
[Result "1-0"]
[WhiteElo "1887"]
[BlackElo "1254"]
[PlyCount "59"]
[EventDate "2018.11.18"]

1. d4 e6 2. e4 d5 3. e5 c5 4. c3 Nc6 5. Nf3 Qb6 6. Na3 cxd4 7. cxd4 Bb4+ 8. Bd2
Bd7 9. Bxb4 Qxb4+ 10. Qd2 a6 11. Bd3 Nge7 12. Nc2 Qxb2 13. O-O Qb6 14. Qg5 Ng6
15. Rab1 Qc7 16. h4 Rg8 17. h5 Nf8 18. h6 g6 19. Ne3 Bc8 20. Ng4 Nd7 21. Qf4
Qd8 22. Ng5 Qe7 23. Nxh7 Kd8 24. Ng5 Kc7 25. Nf6 Rf8 26. h7 b6 27. Ng8 Qe8 28.
h8=Q Rxg8 29. Qh7 Rh8 30. Qhxf7 1-0

[Event "Ïåðâåíñòâî Ìîñêâû ïî øàõìàòàì"]
[Site "Ìîñêâà, ÌÃÈÌÎ ïð. Âåðíàäñêîãî,"]
[Date "2018.11.20"]
[Round "4.7"]
[White "Maranin, Sergey"]
[Black "Voronin, Nikita"]
[Result "1/2-1/2"]
[WhiteElo "1370"]
[BlackElo "1358"]
[PlyCount "76"]
[EventDate "2018.11.18"]

1. d4 d5 2. c4 c6 3. Nc3 Nf6 4. Nf3 dxc4 5. a4 e6 6. Bf4 Bb4 7. Ne5 b5 8. e3
Nd5 9. Rc1 Nxf4 10. exf4 Bb7 11. axb5 cxb5 12. b3 Nd7 13. bxc4 Nxe5 14. fxe5
bxc4 15. Qa4+ Qd7 16. Qxb4 a5 17. Qxc4 O-O 18. Qa4 Qe7 19. Be2 Qg5 20. Rb1 Qxg2
21. Rf1 Bc6 22. Bb5 Bf3 23. Ne2 Qxh2 24. Bc6 Bxc6 25. Qxc6 Qh5 26. Ng3 Qg6 27.
Qe4 Rfd8 28. Qxg6 hxg6 29. Rd1 a4 30. Ke2 a3 31. Ke3 a2 32. Ra1 Ra3+ 33. Ke4
f5+ 34. exf6 gxf6 35. Rfc1 Rd5 36. Rc5 f5+ 37. Nxf5 Rxf5 38. Rxf5 exf5+ 1/2-1/2

[Event "Ïåðâåíñòâî Ìîñêâû ïî øàõìàòàì"]
[Site "Ìîñêâà, ÌÃÈÌÎ ïð. Âåðíàäñêîãî,"]
[Date "2018.11.20"]
[Round "4.9"]
[White "Shadyev, Damir"]
[Black "Sokolov, Egor"]
[Result "0-1"]
[WhiteElo "1250"]
[BlackElo "1429"]
[PlyCount "60"]
[EventDate "2018.11.18"]

1. e4 e5 2. Nf3 Nc6 3. Bc4 Bc5 4. c3 Nf6 5. d3 d6 6. Bb3 O-O 7. h3 h6 8. Nbd2
Be6 9. Nf1 d5 10. Qe2 dxe4 11. dxe4 Bxb3 12. axb3 Qd7 13. Ng3 Rad8 14. O-O Qd3
15. Qxd3 Rxd3 16. b4 Bb6 17. Kh1 a6 18. Nd2 Bxf2 19. Rxf2 Rxg3 20. Re2 Rd8 21.
Kg1 Rdd3 22. Kf2 Nh5 23. Nf3 Rg6 24. Be3 Ng3 25. Rd2 Nxe4+ 26. Ke2 Rxd2+ 27.
Bxd2 Rxg2+ 28. Ke3 Nxd2 29. Nxd2 Rg3+ 30. Nf3 Rxh3 0-1

[Event "Ïåðâåíñòâî Ìîñêâû ïî øàõìàòàì"]
[Site "Ìîñêâà, ÌÃÈÌÎ ïð. Âåðíàäñêîãî,"]
[Date "2018.11.20"]
[Round "4.10"]
[White "Grunin, Denis"]
[Black "Andreev, Konstantin"]
[Result "0-1"]
[WhiteElo "1415"]
[BlackElo "1589"]
[PlyCount "104"]
[EventDate "2018.11.18"]

1. e4 c5 2. Nf3 Nc6 3. d4 cxd4 4. Nxd4 e5 5. Nxc6 bxc6 6. Bc4 Nf6 7. O-O d5 8.
exd5 cxd5 9. Bb3 Bc5 10. Bg5 Be6 11. Nc3 d4 12. Ne4 Be7 13. Ba4+ Nd7 14. Bc6
Rb8 15. Qh5 O-O 16. Bxe7 Qxe7 17. Ng5 h6 18. Nxe6 Qxe6 19. Bxd7 Qxd7 20. Qxe5
Rfe8 21. Qf4 Rxb2 22. Rad1 Rd8 23. g3 Rxc2 24. Rd2 d3 25. Rfd1 Rxd2 26. Rxd2
Re8 27. Qf3 Rd8 28. Kg2 a5 29. Qe4 Qd6 30. Qc4 Qg6 31. h4 h5 32. Qc5 Qe4+ 33.
f3 Qe1 34. Qf2 Qc1 35. Qe3 a4 36. g4 hxg4 37. fxg4 Qc4 38. Kf3 Rd4 39. Qe8+ Kh7
40. Qe5 Qc6+ 41. Ke3 Rxg4 42. Rxd3 Rxh4 43. Qg3 Re4+ 44. Kd2 Qh6+ 45. Kc2 Re2+
46. Kc3 Qc6+ 47. Kb4 Re4+ 48. Ka5 Qc5+ 49. Ka6 Re6+ 50. Kb7 Rb6+ 51. Ka8 Qc8+
52. Ka7 Ra6# 0-1

[Event "Ïåðâåíñòâî Ìîñêâû ïî øàõìàòàì"]
[Site "Ìîñêâà, ÌÃÈÌÎ ïð. Âåðíàäñêîãî,"]
[Date "2018.11.20"]
[Round "4.11"]
[White "Isaykin, Valery"]
[Black "Samarov, Vladimir"]
[Result "1-0"]
[WhiteElo "1417"]
[BlackElo "1272"]
[PlyCount "83"]
[EventDate "2018.11.18"]

1. e4 c5 2. Nf3 Nc6 3. d4 cxd4 4. Nxd4 e5 5. Nb5 d6 6. N1c3 a6 7. Na3 b5 8. Nd5
Nf6 9. Bg5 Be7 10. Nxe7 Qxe7 11. c4 b4 12. Nc2 h6 13. Bxf6 Qxf6 14. Nxb4 Nxb4
15. Qa4+ Bd7 16. Qxb4 Bc6 17. Rd1 Rd8 18. c5 Qg6 19. Rxd6 Rxd6 20. cxd6 O-O 21.
Rg1 Bxe4 22. d7 Rd8 23. Qe7 Qb6 24. Qxe5 Qb4+ 25. Qc3 Qe7 26. Qe3 Qxd7 27. Be2
Qa4 28. f3 Ba8 29. Kf2 Re8 30. Qc3 Qh4+ 31. Kf1 Qe7 32. Bxa6 Qe6 33. Kf2 Bd5
34. Qd3 Qb6+ 35. Kg3 Qxg1 36. Qxd5 Qe1+ 37. Kh3 g5 38. g3 Qb4 39. Bc4 Qe7 40.
Qf5 Qf8 41. Qg6+ Qg7 42. Bxf7+ 1-0